Модификация поверхности и свойств титана медицинского назначения химическим травлением; Известия вузов. Прикладная химия и биотехнология; № 1

Podrobná bibliografie
Parent link:Известия вузов. Прикладная химия и биотехнология: научный журнал.— , 2011-
№ 1.— 2011.— С. 120-124
Hlavní autor: Гузеева Т. И. Татьяна Ивановна
Další autoři: Леонова Л. А. Лилия Александровна, Крикуненко А. С. Анна Сергеевна
Shrnutí:Исследованы составы химических травителей для титана на основе минеральных кислот (соляной, сер-ной и фосфорной) с добавлением активатора фторида аммония. Определен и оптимизирован состав для селективного травления титана марки ВТ1-0 на основе фосфорной кислоты и фторида аммония.
В фонде НТБ ТПУ отсутствует
Jazyk:ruština
Vydáno: 2011
Témata:
Médium: MixedMaterials Kapitola
KOHA link:https://koha.lib.tpu.ru/cgi-bin/koha/opac-detail.pl?biblionumber=599912

MARC

LEADER 00000naa0a2200000 4500
001 599912
005 20250124114941.0
035 |a (RuTPU)RU\TPU\tpu\24067 
090 |a 599912 
100 |a 20131202d2011 k||y0rusy50 ca 
101 0 |a rus 
102 |a RU 
200 1 |a Модификация поверхности и свойств титана медицинского назначения химическим травлением  |f Т. И. Гузеева, Л. А. Леонова, А. С. Крикуненко 
320 |a Библиогр.: с. 124 (6 назв.) 
330 |a Исследованы составы химических травителей для титана на основе минеральных кислот (соляной, сер-ной и фосфорной) с добавлением активатора фторида аммония. Определен и оптимизирован состав для селективного травления титана марки ВТ1-0 на основе фосфорной кислоты и фторида аммония. 
333 |a В фонде НТБ ТПУ отсутствует 
461 |t Известия вузов. Прикладная химия и биотехнология  |o научный журнал  |d 2011- 
463 |t № 1  |v С. 120-124  |d 2011 
610 1 |a труды учёных ТПУ 
700 1 |a Гузеева  |b Т. И.  |c химик-технолог  |c профессор Томского политехнического университета, доктор технических наук  |f 1948-  |g Татьяна Ивановна  |3 (RuTPU)RU\TPU\pers\25574 
701 1 |a Леонова  |b Л. А.  |c химик-технолог  |c доцент Томского политехнического университета, кандидат технических наук  |c девичья фамилия Филатова  |f 1983-  |g Лилия Александровна  |3 (RuTPU)RU\TPU\pers\25860  |4 070  |9 11728 
701 1 |a Крикуненко  |b А. С.  |c студент каф. химической технологии редких, рассеянных и радиоактивных элементов (ХТРЭ) ФТФ, ТПУ  |f 1986-  |g Анна Сергеевна  |3 (RuTPU)RU\TPU\pers\25857 
801 1 |a RU  |b 63413507  |c 20131202 
942 |c CR